| 000 | 00680nam a2200205 a 4500 | ||
|---|---|---|---|
| 005 | 20210223123430.0 | ||
| 008 | 991125s1930 ag 000 0 spa u | ||
| 035 | _aUPN01000053422 | ||
| 049 | _aCE | ||
| 050 | 4 |
_aHV245 _bN4.7 |
|
| 100 | 1 |
_aNewman, George, _d1870-1948 _942939 |
|
| 245 | 1 | 4 |
_aLos servicios sociales en Inglaterra / _cSir George Newman ; ed. Walter James Turner. |
| 260 |
_aArgentina : _bEspasa-Calpe, _c[1930]. |
||
| 300 |
_a47, [8] p. de láms. : _bil. |
||
| 440 | 3 | _aLa Gran Bretaña pictórica | |
| 650 | 4 |
_aSERVICIO SOCIAL - _zINGLATERRA _927603 |
|
| 650 | 4 |
_aSERVICIOS PUBLICOS - _zINGLATERRA _927602 |
|
| 700 | 1 |
_aTurner, Walter James, _eed. |
|
| 905 | _aLibro | ||
| 999 |
_c53422 _d53422 |
||